Romances / (Record n. 10910)

Dettagli MARC
000 -LEADER
fixed length control field 00750nam a2200217 i 4500
003 - CONTROL NUMBER IDENTIFIER
control field IT-RoINE
005 - DATE AND TIME OF LATEST TRANSACTION
control field 20170207043520.0
008 - FIXED-LENGTH DATA ELEMENTS--GENERAL INFORMATION
fixed length control field 030103m19531955sp | r |||| ||spa d
040 ## - CATALOGING SOURCE
Original cataloging agency SpMaBN
Transcribing agency SpMaBN IT-RoINE
Modifying agency IT-RoINE
100 1# - MAIN ENTRY--PERSONAL NAME
9 (RLIN) 16764
Personal name Rivas, Ángel de Saavedra,
Titles and other words associated with a name Duque de,
Dates associated with a name 1791-1865
245 10 - TITLE STATEMENT
Title Romances /
Statement of responsibility, etc Duque de Rivas ; edición y notas de Cipriano Rivas Cherif.
260 ## - PUBLICATION, DISTRIBUTION, ETC. (IMPRINT)
Place of publication, distribution, etc Madrid :
Name of publisher, distributor, etc Espasa-Calpe,
Date of publication, distribution, etc 1953-1955.
300 ## - PHYSICAL DESCRIPTION
Extent 2 v. ;
Dimensions 19 cm.
336 ## - CONTENT TYPE
Source rdacontent
Content type term text
337 ## - MEDIA TYPE
Source rdamedia
Media type term unmediated
338 ## - CARRIER TYPE
Source rdacarrier
Carrier type term volume
490 1# - SERIES STATEMENT
Series statement Clásicos castellanos ;
Volume number/sequential designation 9, 12
700 1# - ADDED ENTRY--PERSONAL NAME
Personal name Rivas Cherif, Cipriano de,
Dates associated with a name 1891-1967
9 (RLIN) 5019
830 #0 - SERIES ADDED ENTRY--UNIFORM TITLE
Uniform title Clásicos castellanos (Espasa-Calpe)
Volume number/sequential designation 9, 12
9 (RLIN) 22520
942 ## - ADDED ENTRY ELEMENTS (KOHA)
Item type Monografías
Dati di copia
Withdrawn status Lost status Damaged status Not for loan Home library Current library Date acquired Total Checkouts Full call number Barcode Date last seen Price effective from Koha item type Public note
        Iglesia Nacional Española en Roma Iglesia Nacional Española en Roma 02/02/2016   COL.A 31.9 19121 02/02/2016 02/02/2016 Monografías V. 1
        Iglesia Nacional Española en Roma Iglesia Nacional Española en Roma 02/02/2016   COL.A 31.12 19122 02/02/2016 02/02/2016 Monografías V. 2